Football - Composition de la Suisse contre la France à l'Euro 2020 - Statistiques

Statistiques générales
  • Ce quiz a été pris 218 fois
  • Le résultat moyen est 11 sur 18
Statistiques - réponses
Hint Réponse % Correct
G Yann Sommer
99%
MC (C) Granit Xhaka
90%
DC Manuel Akanji
85%
MOC Xherdan Shaqiri
83%
BU Breel Embolo
77%
DC Ricardo Rodríguez
77%
BU Haris Seferovic
76%
Entraîneur Vladimir Petkovic
63%
DC Fabian Schär
61%
BU Mario Gavranovic
60%
AD Rubén Vargas
60%
DC Nico Elvedi
57%
MC Remo Freuler
55%
DC Kevin Mbabu
47%
MG Steven Zuber
42%
MD Silvan Widmer
39%
MD Christian Fassnacht
32%
MOC Admir Mehmedi
31%
Aucun quiz correspondant
Distribution des résultats
% des personnes avec chaque résultat
Percentile par nombre de réponses
Votre historique - résultats
Vous n’avez pas pris ce quiz